000 00541nam a2200181Ia 4500
008 240925s9999 xx 000 0 und d
020 _a9780470539798
082 _a658.4012 AXS
100 _aAxson, David A. J.
245 0 _aBest Practices on Planning and Performance Management: radically rethinking management for a volatile world
250 _a3rd
260 _aNew Jersey:
_bJohn wiley & Sons
_c,2010.
300 _a455p.
_b0
_fOriginal
500 _aIncludes Index
600 _aManagement
650 _aManagement
942 _cBK
999 _c14123
_d14123